|
|
|
|
| LEADER |
01034cam a22003251a 4500 |
| 001 |
000041061 |
| 003 |
17357 |
| 005 |
20190917142926.0 |
| 008 |
160418s2004 000 eng |
| 041 |
|
|
|a eng
|
| 082 |
|
|
|a 428.6
|b SI-P
|
| 100 |
|
|
|a Simpson, Paul
|
| 245 |
|
0 |
|a Stylistics :
|b A resource book for students /
|c Paul Simpson.
|
| 260 |
|
|
|c 2004.
|
| 300 |
|
|
|a 247tr. ; 30cm.
|
| 650 |
|
|
|a STYLISTICS A resource book for students, STYLISTICS
|
| 852 |
|
|
|b Chuyên đề
|c Giáo trình
|
| OWN |
|
|
|a LNN
|
| AVA |
|
|
|a UDN50
|b LNN
|d 428.6 SI-P
|e available
|t Error 5001 Not defined in file expand_doc_bib_avail.
|f 1
|g 0
|h N
|i 0
|k 1
|
| 999 |
|
|
|a From the UDN01
|
| AVA |
|
|
|a UDN50
|b LNN
|d 428.6 SI-P
|e available
|t Error 5001 Not defined in file expand_doc_bib_avail.
|f 1
|g 0
|h N
|i 0
|k 1
|
| TYP |
|
|
|a Monograph
|
| TYP |
|
|
|a Printed language
|
| 980 |
|
|
|a Mạng thư viện Đại học Đà Nẵng
|